00640nam a2200205Ia 4500003000900000008004100009020001800050040001600068080002400084245010200108260003300210300001000243650002800253650004100281650002500322650001700347700002000364700002200384700002800406IN-BaIIA211028s9999 xx 000 0 eng d a0-306-38306-3 cIIA Library a047.1:535.33bDEV-6 0aDevelopments in applied spectroscopybvol. 6cedited by W. K. Baer, A. J. Perkins and E. L. Grove aNew YorkbPlenum Pressc1968 a403p. aAbsorption spectroscopy aAstronomy and Astrophysics Thesaurus aOptical spectroscopy aSpectroscopy aBaer, W.K., ed. aGrove, E. L., ed. aPerkins, Alfred J., ed.